| 000 | 00353nam a22001457a 4500 | ||
|---|---|---|---|
| 020 | _a0-8306-1013-8 | ||
| 082 | _a621.38887 ZUI'B | ||
| 100 |
_aZWICK, GEORGE _976001 |
||
| 245 | _aBEGINNER'S GUIDE TO TV REPAIR | ||
| 250 | _a2ND | ||
| 260 |
_aUSA _bTAB _c1979 |
||
| 300 | _a224P | ||
| 650 |
_aTELEVISION REPAIRING AMATURES MANUAL _976002 |
||
| 942 | _cBK | ||
| 999 |
_c581404 _d581404 |
||